[Event "9. Miedzynardowy Turniej Klubu Polonia Wroclaw<br/>Turniej OPEN"]
[Site "Wroclaw"]
[Date "2014-07-05"]
[Round "1.1"]
[White "Daniel, Damian"]
[Black "Grabarczyk, Miroslaw"]
[Result "0-1"]
[WhiteTitle "I"]
[BlackTitle "GM"]
[WhiteElo "1869"]
[BlackElo "2469"]

1. d4 d5 2. c4 e6 3. Nc3 a6 4. cxd5 exd5 5. Nf3 c6 6. g3 Nf6 7. Bg2 Bd6 8. Qc2
O-O 9. O-O Re8 10. Bg5 Nbd7 11. e4 dxe4 12. Nxe4 Be7 13. Nxf6+ Nxf6 14. Rfe1 Be6
15. Bf1 Qd5 16. Re5 Qd7 17. Rd1 h6 18. Bc1 Rad8 19. a3 c5 20. Ree1 Qd5 21. Bg2
Bf5 22. Qa4 Be4 23. dxc5 Qxc5 24. Be3 Qh5 25. Rxd8 Rxd8 26. Bb6 Bc6 27. Qh4 Bxf3
28. Qxh5 Bxh5 29. Bxd8 Bxd8 30. Bxb7 a5 31. b4 axb4 32. axb4 Kf8 33. Bc6 Bg4 34.
Kg2 Be6 35. Ra1 Ke7 36. Ra7+ Kd6 37. Bf3 Nd7 38. Ra8 Bb6 39. Rg8 g6 40. Bb7 Ne5
41. Rh8 h5 42. f4 Nd3 43. b5 Ne1+ 44. Kf1 Nc2 45. Kg2 Ne3+ 46. Kf2 Nc2+ 47. Kg2
Nd4 48. Be4 Kc5 49. Rh7 Kxb5 50. Rh8 Kc5 51. Re8 Kc4 52. Rb8 Bc5 53. Rb1 Ne2 54.
f5 gxf5 55. Bf3 Nc3 56. Rb8 Nd5 57. Bxh5 Ne3+ 58. Kf2 Ng4+ 59. Kg2 Bd5+ 60. Kf1
Nxh2+ 61. Ke2 Ng4 62. Rc8 Nf6 63. Bf3 Ne4 64. Ke1 Kd4 65. g4 Bb4+ 66. Ke2 f4 67.
Rd8 Nc3+ 68. Kf2 Ke5 69. Rd7 Be6 70. Rd8 Nd5 71. Re8 Bc5+ 72. Kg2 Nf6 73. g5 Nxe8
0-1

[Event "9. Miedzynardowy Turniej Klubu Polonia Wroclaw<br/>Turniej OPEN"]
[Site "Wroclaw"]
[Date "2014-07-05"]
[Round "1.2"]
[White "Weichhold, Pawel"]
[Black "Nowak, Kamil"]
[Result "1/2-1/2"]
[WhiteTitle "m"]
[BlackTitle "I"]
[WhiteElo "2402"]
[BlackElo "1833"]

1. e4 c5 2. Nf3 d6 3. d4 cxd4 4. Nxd4 Nf6 5. Nc3 a6 6. h3 e5 7. Nde2 h5 8. Bg5
Be6 9. g3 Nbd7 10. Bg2 Be7 11. O-O O-O 12. Kh1 b5 13. f4 Nb6 14. Nd5 Bxd5 15.
exd5 Rc8 16. c3 Nc4 17. fxe5 dxe5 18. b3 Nd6 19. Qd3 Nd7 20. Be3 f5 21. a4 h4
22. gxh4 f4 23. Bg1 Bxh4 24. axb5 axb5 25. Ra7 Qe8 26. Qf3 Nf5 27. d6 Kh8 28.
Qg4 g6 29. Be4 Nf6 30. d7 Nxd7 31. Bxf5 Rxf5 32. Qxh4+ Rh5 33. Qg4 Nf6 34. Qg2
Qe6 35. Rf3 g5 36. Rf1 1/2-1/2

[Event "9. Miedzynardowy Turniej Klubu Polonia Wroclaw<br/>Turniej OPEN"]
[Site "Wroclaw"]
[Date "2014-07-05"]
[Round "1.3"]
[White "Paczka, Patryk"]
[Black "Djuric, Stefan"]
[Result "0-1"]
[WhiteTitle "II+"]
[BlackTitle "GM"]
[WhiteElo "1815"]
[BlackElo "2393"]

1. e4 g6 2. d4 Bg7 3. Nf3 d6 4. c4 Bg4 5. Be2 Nc6 6. Be3 e5 7. d5 Bxf3 8. Bxf3
Nd4 9. Nc3 c5 10. dxc6 bxc6 11. O-O Ne7 12. Bxd4 exd4 13. Ne2 Qb6 14. Rb1 O-O
15. b4 Rae8 16. Qb3 Kh8 17. g3 Ng8 18. Rfd1 f5 19. Qd3 fxe4 20. Bxe4 Nf6 21. Bg2
Ng4 22. Rf1 Ne5 23. Qb3 d3 24. Nf4 Qd4 25. Rbd1 d2 26. Ne2 Qg4 27. Nf4 Rxf4 28.
gxf4 Qxf4 29. Qg3 Bh6 30. Qc3 Rf8 31. Bxc6 Rf5 32. Bg2 Rh5 33. h3 Qxc4 34. Qxc4
Nxc4 35. f4 Rh4 36. Bd5 Ne3 37. Rxd2 Nxf1 38. Kxf1 Rxh3 39. Bg2 Ra3 40. Rxd6 Bxf4
41. Rd8+ Kg7 42. Rd7+ Kh6 43. Bd5 Rd3 44. Ke2 Rd4 45. b5 Kg5 46. Kf3 h5 47. Bc6
Rxd7 48. Bxd7 Bc7 49. a4 Kh4 50. Kg2 g5 51. Be6 g4 52. Bd5 Kg5 53. Bc6 h4 54.
Bd5 h3+ 0-1

[Event "9. Miedzynardowy Turniej Klubu Polonia Wroclaw<br/>Turniej OPEN"]
[Site "Wroclaw"]
[Date "2014-07-05"]
[Round "1.4"]
[White "Zeberski, Jakub"]
[Black "Wasylkiewicz, Andrzej"]
[Result "1-0"]
[WhiteTitle "IM"]
[BlackTitle "I"]
[WhiteElo "2348"]
[BlackElo "1785"]

1. c4 Nc6 2. Nc3 e5 3. g3 d6 4. Bg2 Be6 5. d3 Qd7 6. Rb1 Be7 7. b4 Nf6 8. b5 Nd8
9. Bg5 c6 10. Nf3 Bh3 11. O-O Bxg2 12. Kxg2 Ne6 13. bxc6 bxc6 14. Bxf6 Bxf6 15.
Ne4 Be7 16. c5 dxc5 17. Nxe5 Qd5 18. Qa4 f5 19. Nxc6 fxe4 20. Rb7 exd3+ 21. e4
Qd7 22. Rxd7 Kxd7 23. Ne5+ Kd6 24. Qc6+ Kxe5 25. Qd5+ Kf6 26. Qf5# h6 1-0

[Event "9. Miedzynardowy Turniej Klubu Polonia Wroclaw<br/>Turniej OPEN"]
[Site "Wroclaw"]
[Date "2014-07-05"]
[Round "1.5"]
[White "Drozd, Lukasz"]
[Black "Banasik, Krzysztof"]
[Result "0-1"]
[WhiteTitle "I"]
[BlackTitle "k"]
[WhiteElo "1761"]
[BlackElo "2292"]

1. e4 d6 2. d4 Nf6 3. Nc3 Nbd7 4. f4 e5 5. Nf3 exd4 6. Nxd4 Be7 7. Be2 O-O 8. O-O
Re8 9. Bf3 Bf8 10. Kh1 Nc5 11. Re1 Ne6 12. Be3 a6 13. Nf5 g6 14. Ng3 Bg7 15. Qd2
Rb8 16. Ba7 Ra8 17. Be3 Qd7 18. Rad1 Nf8 19. Bd4 Qd8 20. Qe2 Qe7 21. e5 dxe5 22.
fxe5 N6d7 23. Nd5 Qd8 24. Qc4 c6 25. Nc3 Ne6 26. b4 Qe7 27. Bxc6 bxc6 28. Qxc6
Rb8 29. Nd5 Qf8 30. Ba7 Rb7 31. Qxa6 Rxb4 32. Qc6 Rb7 33. Bg1 Nxe5 34. Qa4 Bd7
35. Qa6 Rb2 36. Ne4 Ra8 37. Qe2 Qd8 38. Qf2 f5 39. Nd6 Raxa2 40. Qg3 Qg5 41. Qxg5
Nxg5 42. Bd4 Rxc2 43. Bxe5 Bxe5 44. Rxe5 Rxg2 45. Nf6+ Kg7 46. Nde8+ Bxe8 47.
Re6 0-1

[Event "9. Miedzynardowy Turniej Klubu Polonia Wroclaw<br/>Turniej OPEN"]
[Site "Wroclaw"]
[Date "2014-07-05"]
[Round "1.6"]
[White "Janocha, Wieslaw"]
[Black "Jagiela, Piotr"]
[Result "1-0"]
[WhiteTitle "FM"]
[BlackTitle "I+"]
[WhiteElo "2291"]
[BlackElo "1750"]

1. e4 c5 2. Nf3 a6 3. Nc3 d6 4. d4 cxd4 5. Nxd4 e5 6. Nf5 Bxf5 7. exf5 Nf6 8. g4
Nc6 9. g5 Ng8 10. Bg2 Nge7 11. Qd3 Qd7 12. f6 Ng6 13. Nd5 Qd8 14. Bh3 Nd4 15.
Qc4 Ne6 16. Bxe6 fxe6 17. Nc7+ Kd7 18. Nxe6 Qc8 19. Qg4 Ke8 20. fxg7 Bxg7 21.
Nxg7+ Kf7 22. Nf5 Qxc2 23. Nxd6+ Ke7 24. Nf5+ Kf7 25. Nh6+ Ke7 26. Qb4+ Ke6 27.
Be3 Qc6 28. O-O Rad8 29. Qg4+ Ke7 30. Rac1 Qd7 31. Bc5+ Ke8 32. Rfe1 Qxg4+ 33.
Nxg4 Rd5 34. Nf6+ Kf7 35. Nxd5 h6 36. Be3 hxg5 37. Bxg5 Ke6 38. Nf4+ Nxf4 39.
Bxf4 Rh5 40. Rc5 Kd6 41. Rexe5 Rh7 42. Rh5+ Ke6 43. Rxh7 b6 44. Rh6+ Kf7 45. Rc7+
Kg8 46. Be5 Kf8 47. Rh8# 1-0

[Event "9. Miedzynardowy Turniej Klubu Polonia Wroclaw<br/>Turniej OPEN"]
[Site "Wroclaw"]
[Date "2014-07-05"]
[Round "1.7"]
[White "Korpalski, Maciej"]
[Black "Dobrowolski, Aleksander"]
[Result "1/2-1/2"]
[WhiteTitle "II+"]
[BlackTitle "m"]
[WhiteElo "1745"]
[BlackElo "2281"]

1. e4 c5 2. Nf3 Nc6 3. d4 cxd4 4. Nxd4 e6 5. Nc3 a6 6. Be3 Nf6 7. f3 d5 8. exd5
Nxd5 9. Nxd5 Qxd5 10. Nxc6 Qxc6 11. Qd4 Qd6 12. O-O-O Qxd4 13. Bxd4 Bd7 14. Bc4
b5 15. Bb3 a5 16. Rhe1 Bc6 17. c3 O-O-O 18. Bb6 Rxd1+ 19. Rxd1 a4 20. Rd8+ Kb7
21. Bc5 Bxc5 22. Rxh8 axb3 23. axb3 h6 24. Rg8 g6 25. Rg7 Be8 26. Rg8 Bc6 27.
Rg7 Be8 28. Rg8 Bc6 1/2-1/2

[Event "9. Miedzynardowy Turniej Klubu Polonia Wroclaw<br/>Turniej OPEN"]
[Site "Wroclaw"]
[Date "2014-07-05"]
[Round "1.8"]
[White "Kowalczyk, Rafal"]
[Black "Kucharska, Honorata"]
[Result "1-0"]
[WhiteTitle "k"]
[BlackTitle "I+"]
[WhiteElo "2200"]
[BlackElo "1718"]

1. e4 e6 2. d4 d5 3. e5 c5 4. c3 Nc6 5. Nf3 Bd7 6. a3 c4 7. Nbd2 Na5 8. Rb1 Ne7
9. g3 Nc8 10. Bg2 Nb6 11. Qe2 Ba4 12. Nf1 Be7 13. h4 Qc7 14. Bf4 h6 15. h5 O-O-O
16. Ne3 Qc6 17. Kf1 Qb5 18. Re1 Qb3 19. Bh3 Bd7 20. Kg2 g5 21. hxg6 fxg6 22. Nf1
Rdg8 23. Bc1 Na4 24. Ne3 g5 25. Bg4 Qb6 26. Qc2 Nb3 27. Rh2 Nxc1 28. Nxd5 Qd8
29. Nxe7+ Qxe7 30. Rxc1 Nb6 31. Nd2 Ba4 32. Qb1 Rf8 33. Rch1 Qf7 34. f3 Bc6 35.
Rxh6 Rxh6 36. Rxh6 Kb8 37. Qg6 Qc7 38. Qxe6 Ka8 39. Qd6 Qg7 40. Qg6 Qe7 41. Rh7
Qd8 42. Ne4 Nd5 43. Qxg5 Qb8 44. Nc5 Rg8 45. Rg7 Ne3+ 46. Kf2 Nxg4+ 47. Qxg4 Rh8
48. Ne4 a6 49. Nf6 1-0

[Event "9. Miedzynardowy Turniej Klubu Polonia Wroclaw<br/>Turniej OPEN"]
[Site "Wroclaw"]
[Date "2014-07-05"]
[Round "1.9"]
[White "Knap, Jerzy"]
[Black "Kubien, Jerzy"]
[Result "0-1"]
[WhiteTitle "I"]
[BlackTitle "FM"]
[WhiteElo "1709"]
[BlackElo "2185"]

1. c4 g6 2. Nc3 Bg7 3. g3 e6 4. Bg2 Ne7 5. e3 d5 6. cxd5 exd5 7. d4 O-O 8. Nge2
c6 9. O-O Nd7 10. b3 Nf6 11. Bb2 Re8 12. Rc1 Nf5 13. Re1 Nd6 14. Nf4 Bf5 15. Nd3
h5 16. h4 a5 17. Ne5 Qe7 18. Ba3 Qe6 19. Nf3 Nde4 20. Nxe4 Nxe4 21. Nd2 Nf6 22.
Nf3 Ng4 23. Nh2 Nf6 24. Nf3 Ne4 25. Nd2 Qd7 26. Nxe4 Bxe4 27. Qd2 Bxg2 28. Kxg2
Qf5 29. Qc2 Qxc2 30. Rxc2 Bxd4 31. Rd1 Bf6 32. Bc5 Re4 33. a4 Kg7 34. Rd3 Re6
35. Kf3 Be5 36. Rcd2 Kf6 37. Bd4 Ra6 38. Rc2 Bxd4 39. Rxd4 Rb6 40. Rc3 Ke5 41.
Rcd3 Rb4 42. Rxb4 axb4 43. Rd4 c5 44. Rf4 f5 45. Ke2 b5 46. axb5 Rb6 47. Kd3 Rxb5
48. Kc2 Ra5 49. Kb2 Ra6 50. Kb1 Rd6 51. Kc2 Re6 52. Kb2 Kd6 53. Kc2 Re4 54. Kd3
c4+ 55. Kc2 Rxf4 56. gxf4 Kc5 57. f3 cxb3+ 58. Kxb3 Kb5 59. Kb2 Kc4 60. Kc2 b3+
0-1

[Event "9. Miedzynardowy Turniej Klubu Polonia Wroclaw<br/>Turniej OPEN"]
[Site "Wroclaw"]
[Date "2014-07-05"]
[Round "1.10"]
[White "Reza, Wojciech"]
[Black "Ochowicz, Jakub"]
[Result "1/2-1/2"]
[WhiteTitle "I++"]
[BlackTitle "II"]
[WhiteElo "2168"]
[BlackElo "1692"]

1. c4 g6 2. d4 Bg7 3. Nf3 Nf6 4. g3 O-O 5. Bg2 d6 6. O-O Nbd7 7. Nc3 e5 8. Qc2
c6 9. Rd1 Qc7 10. e4 a6 11. dxe5 Nxe5 12. Nxe5 dxe5 13. Be3 Be6 14. Na4 Nd7 15.
c5 f5 16. f3 fxe4 17. fxe4 Rae8 18. Qc3 Bg4 19. Rf1 Be2 20. Rf2 Rxf2 21. Kxf2
Bg4 22. h3 Rf8+ 23. Kg1 Bf3 24. Bxf3 Rxf3 25. Kg2 Rf8 26. Qc4+ Kh8 27. Rd1 Nf6
28. Bg5 Rd8 29. Rd3 Rxd3 30. Qxd3 Qa5 31. Bxf6 Bxf6 32. Qd6 Kg7 33. Qd7+ Kh6 34.
b3 Qe1 35. Qd3 Bg5 36. Kf3 Qh1+ 37. Kg4 Qg1 38. Qf3 Be7 39. Qd3 Kg7 40. Kf3 Qh1+
41. Ke2 Qxh3 42. a3 h5 43. b4 Qg2+ 44. Kd1 Qg1+ 45. Ke2 Qg2+ 46. Kd1 Qg1+ 47.
Ke2 Qg2+ 1/2-1/2

[Event "9. Miedzynardowy Turniej Klubu Polonia Wroclaw<br/>Turniej OPEN"]
[Site "Wroclaw"]
[Date "2014-07-05"]
[Round "1.11"]
[White "Bieniek, Kazimierz"]
[Black "Grossmann, Ryszard"]
[Result "0-1"]
[WhiteTitle "II"]
[BlackTitle "FM"]
[WhiteElo "1636"]
[BlackElo "2150"]

1. e4 d5 2. exd5 Qxd5 3. Nc3 Qa5 4. d4 Nf6 5. Bd3 Bg4 6. f3 Bh5 7. Nge2 Bg6 8.
O-O e6 9. Ne4 Be7 10. c4 Nbd7 11. c5 c6 12. a3 Nd5 13. Nd6+ Bxd6 14. cxd6 N7f6
15. Nc3 Qd8 16. Ne4 O-O 17. Bg5 Qb6 18. Nxf6+ gxf6 19. Bxg6 fxg5 20. Bc2 Nf4 21.
g3 Qxd4+ 22. Qxd4 Ne2+ 23. Kf2 Nxd4 24. Rac1 Rad8 0-1

[Event "9. Miedzynardowy Turniej Klubu Polonia Wroclaw<br/>Turniej OPEN"]
[Site "Wroclaw"]
[Date "2014-07-05"]
[Round "1.12"]
[White "Piotrowski, Przemyslaw"]
[Black "Stelmaszuk, Maciej"]
[Result "1-0"]
[WhiteTitle "k"]
[BlackTitle "II+"]
[WhiteElo "2132"]
[BlackElo "1625"]

1. e4 c5 2. Nf3 Nc6 3. d3 g6 4. g3 Bg7 5. c3 d5 6. Nbd2 e6 7. Bg2 Nge7 8. O-O O-O
9. Re1 Rb8 10. Qe2 b5 11. e5 Qb6 12. Nb3 Rd8 13. d4 cxd4 14. cxd4 b4 15. Bg5 Ba6
16. Qd2 Rdc8 17. Rac1 Bb5 18. Nc5 Qc7 19. Bf6 h6 20. Bh3 Nf5 21. g4 Nfe7 22. g5
Nf5 23. Bxf5 gxf5 24. Bxg7 Kxg7 25. gxh6+ Kh8 26. Ng5 Rg8 27. Kh1 Qe7 28. f4 Rbc8
29. Re3 a5 30. Rg3 Rg6 31. Rcg1 Rcg8 32. h4 Nd8 33. Qg2 Be8 34. h5 Rxh6 35. Nxf7+
Kh7 36. Rg7+ Rxg7 37. Qxg7# 1-0

[Event "9. Miedzynardowy Turniej Klubu Polonia Wroclaw<br/>Turniej OPEN"]
[Site "Wroclaw"]
[Date "2014-07-05"]
[Round "1.13"]
[White "Kowalczyk, Mateusz"]
[Black "Wozniak, Mariola"]
[Result "1/2-1/2"]
[WhiteTitle "II+"]
[BlackTitle "WCM"]
[WhiteElo "1608"]
[BlackElo "2092"]

1. e4 c5 2. Nf3 d6 3. d4 cxd4 4. Nxd4 Nf6 5. Nc3 a6 6. Bg5 e6 7. f4 Be7 8. Qd2
Qc7 9. O-O-O Nbd7 10. Be2 b5 11. Bxf6 Nxf6 12. e5 dxe5 13. fxe5 Nd7 14. Bf3 Bb7
15. Bxb7 Qxb7 16. Nf3 Nb6 17. Qf4 O-O 18. Ne4 Nd5 19. Qg3 Ne3 20. Nf6+ Kh8 21.
Rd7 Qc8 22. Nd4 gxf6 23. Rxe7 Nd5 24. exf6 Rg8 25. Qe5 Nxe7 26. fxe7+ Rg7 27.
Rf1 Kg8 28. Rf3 Qe8 29. Rg3 Rg6 30. Qd6 Qb8 31. Qxb8+ Rxb8 32. Nc6 Re8 33. Rd3
f6 34. Rd8 Kf7 35. Rd7 Rxg2 36. Nd8+ Kg8 37. Nb7 Rg1+ 38. Kd2 Rg5 39. Nd6 Rxe7
40. Rxe7 Rd5+ 41. Ke3 Rxd6 42. Ra7 Rc6 43. c3 Rc5 44. Re7 Re5+ 45. Kd3 a5 46.
b3 Rd5+ 47. Ke3 Rd1 48. Ke2 Rh1 49. Rxe6 Rxh2+ 50. Kd3 Rxa2 51. Rxf6 Rb2 52. Ra6
Rxb3 53. Rxa5 b4 54. Rc5 Kf7 55. Kc2 Rxc3+ 56. Rxc3 bxc3 57. Kxc3 Kf6 58. Kd3
Kg5 59. Ke3 Kg4 60. Kf2 1/2-1/2

[Event "9. Miedzynardowy Turniej Klubu Polonia Wroclaw<br/>Turniej OPEN"]
[Site "Wroclaw"]
[Date "2014-07-05"]
[Round "1.14"]
[White "Guzewicz, Rafal"]
[Black "Lipski, Lukasz"]
[Result "1/2-1/2"]
[WhiteTitle "I+"]
[BlackTitle "II+"]
[WhiteElo "2076"]
[BlackElo "1595"]

1. d4 Nf6 2. Bf4 e6 3. e3 b6 4. Nd2 Bb7 5. Ngf3 d5 6. Bd3 Bd6 7. Bg3 O-O 8. Ne5
Nbd7 9. O-O Qb8 10. Ndf3 c5 11. Bb5 Qc7 12. c3 a6 13. Ba4 b5 14. Bc2 Rfc8 15.
Nxd7 Nxd7 16. Qd3 g6 17. a4 Bxg3 18. hxg3 cxd4 19. Qxd4 e5 20. Qh4 e4 21. Nd4
Qb6 22. Rfc1 Nc5 23. a5 Qd8 24. Qg4 f5 25. Nxf5 Qd7 26. Nh6+ Kg7 27. Qxd7+ Nxd7
28. Ng4 h5 29. Nh2 Rc7 30. Rd1 Rac8 31. Bb3 Rc5 32. Rd4 Ne5 33. Rad1 Nd3 34. Rd2
b4 35. cxb4 Rc1+ 36. Nf1 Re1 37. Rc2 Rxc2 38. Bxc2 Nxb2 39. Bxe4 Bc6 40. Bxd5
Bb5 41. Bb7 Rxf1+ 42. Kh2 Nd3 43. g4 hxg4 44. Rxg4 Nxf2 45. Rd4 Re1 46. Rd6 Rxe3
47. g3 Ne4 48. Rb6 Rb3 49. Bxe4 Rxb4 50. Bb7 Rb2+ 51. Kg1 Rb1+ 52. Kf2 Rb2+ 53.
Ke3 Rb3+ 54. Kf4 g5+ 55. Kxg5 Rxg3+ 56. Kf4 Ra3 57. Bxa6 Bxa6 58. Rxa6 Kf7 59.
Ke5 Ke7 60. Ra7+ Kd8 61. Kd6 Kc8 62. Kc6 Kb8 63. Rh7 Rg3 64. Rh6 Ka7 65. Rh7+
1/2-1/2

[Event "9. Miedzynardowy Turniej Klubu Polonia Wroclaw<br/>Turniej OPEN"]
[Site "Wroclaw"]
[Date "2014-07-05"]
[Round "1.15"]
[White "Bebel, Agnieszka"]
[Black "Logallo, Claudio"]
[Result "0-1"]
[WhiteTitle "I"]
[BlackTitle ""]
[WhiteElo "1524"]
[BlackElo "2074"]

1. e4 c5 2. Nf3 d6 3. d4 cxd4 4. Nxd4 Nf6 5. f3 e5 6. Bb5+ Nbd7 7. Nf5 d5 8. exd5
a6 9. Be2 b5 10. Be3 Nb6 11. Ng3 Nbxd5 12. Qd2 Nxe3 13. Qxe3 Qc7 14. Nd2 Be6 15.
Nb3 Be7 16. O-O O-O 17. Kh1 Nd5 18. Qd2 Rfd8 19. c3 Nb4 20. Qc1 Nxa2 21. Rxa2
Bxb3 22. Ra1 h6 23. Ne4 f5 24. Ng3 Bg5 25. Qe1 g6 26. Ra3 Bd5 27. Qa1 Bb7 28.
Bd1 h5 29. Bb3+ Kg7 30. Re1 h4 31. Ne2 h3 32. Rf1 hxg2+ 33. Kxg2 Rd2 34. Bd1 e4
0-1

[Event "9. Miedzynardowy Turniej Klubu Polonia Wroclaw<br/>Turniej OPEN"]
[Site "Wroclaw"]
[Date "2014-07-05"]
[Round "1.16"]
[White "Kanicki, Krzysztof"]
[Black "Kalinowska, Karolina"]
[Result "1-0"]
[WhiteTitle "I"]
[BlackTitle "I"]
[WhiteElo "2028"]
[BlackElo "1515"]

1. e4 e6 2. d4 d5 3. Nd2 Nf6 4. e5 Nfd7 5. Bd3 c5 6. c3 Nc6 7. Ne2 Qb6 8. Nf3 cxd4
9. cxd4 f6 10. exf6 Nxf6 11. O-O Bd6 12. b3 O-O 13. Bf4 Bxf4 14. Nxf4 Bd7 15.
Qd2 Kh8 16. Qb2 Qc7 17. g3 Ng4 18. Qd2 Rae8 19. h3 Nf6 20. Rfe1 Qb6 21. Bc2 Nb4
22. Rad1 Nxc2 23. Qxc2 Rc8 24. Qb1 Rc3 25. Ne5 Re8 26. Nxd7 Nxd7 27. Nxd5 Qc6
28. Nxc3 Qxc3 29. Re3 Qc6 30. d5 Qb6 31. dxe6 Nf6 32. Qf5 Qc7 33. Rd7 Qc8 34.
Rxg7 Kxg7 35. Qg5+ 1-0

[Event "9. Miedzynardowy Turniej Klubu Polonia Wroclaw<br/>Turniej OPEN"]
[Site "Wroclaw"]
[Date "2014-07-05"]
[Round "1.17"]
[White "Kaczmarczyk, Jakub"]
[Black "Szybka, Andrzej"]
[Result "1-0"]
[WhiteTitle "II"]
[BlackTitle "I++"]
[WhiteElo "1506"]
[BlackElo "2027"]

1. Nf3 d5 2. d4 Nf6 3. e3 e6 4. Bd3 Nbd7 5. O-O c5 6. c4 cxd4 7. exd4 Bd6 8. c5
Bb8 9. b4 O-O 10. b5 e5 11. dxe5 Nxe5 12. Bb2 Nxd3 13. Qxd3 Bg4 14. Nbd2 Bf4 15.
g3 Bh6 16. Ne5 Bh3 17. Rfe1 Nd7 18. Nxd7 Qxd7 19. f4 Bf5 20. Qf1 Bh3 21. Qd3 Bf5
22. Qf1 a6 23. a4 axb5 24. axb5 Rxa1 25. Rxa1 Qc7 26. Bd4 Re8 27. Re1 Re6 28.
Rxe6 fxe6 29. Qa1 Qc8 30. Nf3 g6 31. Qa7 Bd3 32. b6 Ba6 33. Kg2 Bf8 34. Ne5 h5
35. c6 Qe8 36. cxb7 Qb5 37. Qxa6 Qxa6 38. b8=Q Qe2+ 39. Bf2 Qe4+ 40. Nf3 h4 41.
gxh4 Qc2 42. Qc7 1-0

[Event "9. Miedzynardowy Turniej Klubu Polonia Wroclaw<br/>Turniej OPEN"]
[Site "Wroclaw"]
[Date "2014-07-05"]
[Round "1.18"]
[White "Puszczewicz, Krzysztof"]
[Black "Rossienik, Wieslaw"]
[Result "1-0"]
[WhiteTitle "k"]
[BlackTitle "II"]
[WhiteElo "2026"]
[BlackElo "1498"]

1. d4 Nf6 2. Nf3 e6 3. c4 b6 4. g3 Bb4+ 5. Nbd2 Bb7 6. Bg2 O-O 7. O-O d5 8. a3
Be7 9. b4 Nbd7 10. c5 c6 11. Bb2 a5 12. Qc2 axb4 13. axb4 b5 14. Nb3 Qc7 15. Na5
Rfe8 16. Bc1 Bf8 17. Bf4 Qc8 18. Bh3 g6 19. Ne5 Nh5 20. Nxd7 Qxd7 21. Bg5 Bg7
22. Qd3 Nf6 23. Bf4 Nh5 24. Bd6 Ra7 25. Ra2 Bf8 26. Bxf8 Rxf8 27. Qf3 Qc7 28.
Bg4 Ng7 29. Qf6 Bc8 30. Rfa1 Kh8 31. Nb3 Rxa2 32. Rxa2 Kg8 33. Qe5 Qd7 34. Ra8
Nf5 35. Bxf5 exf5 36. Na5 Re8 37. Qd6 Kg7 38. Qxc6 Rxe2 39. Qxc8 Qe7 40. Qh8+
Kh6 41. Qf8+ 1-0

[Event "9. Miedzynardowy Turniej Klubu Polonia Wroclaw<br/>Turniej OPEN"]
[Site "Wroclaw"]
[Date "2014-07-05"]
[Round "1.19"]
[White "Ilnicki, Tomasz"]
[Black "Grela, Kacper"]
[Result "0-1"]
[WhiteTitle "II"]
[BlackTitle "I+"]
[WhiteElo "1449"]
[BlackElo "2007"]

1. e4 c5 2. Nf3 Nc6 3. d4 cxd4 4. Nxd4 Nf6 5. Nc3 d6 6. f3 e5 7. Nb3 Be7 8. Be3
a5 9. a4 O-O 10. Bc4 Nb4 11. Nb5 d5 12. exd5 Nbxd5 13. Bf2 Bf5 14. O-O Nf4 15.
Nd2 N6d5 16. Re1 Nb4 17. Bb3 Rc8 18. Rc1 Bc5 19. Bxc5 Rxc5 20. Ne4 Bxe4 21. Rxe4
Qb6 22. Kf1 Rd8 23. Qe1 Qh6 24. Kg1 Nfd3 25. Rd1 Nxc2 26. Qd2 Qxd2 27. Rxd2 Ncb4
28. Rc4 Rxc4 29. Bxc4 Kf8 30. Kf1 Ke7 31. b3 f5 32. Nc3 Nc5 33. Rxd8 Kxd8 34.
Nd5 Nxd5 35. Bxd5 Ke7 36. Ke2 Kd6 37. Bc4 Ne6 38. Ke3 b6 39. g3 h6 40. Bd3 Nd4
41. Bc4 Kc5 42. Bf7 Nc6 43. g4 Ne7 44. Kd3 e4+ 45. fxe4 fxg4 46. e5 Nc6 47. Ke4
Nd4 48. e6 Nc6 49. Kf4 Kd4 50. Be8 Ne7 51. Kxg4 Ke5 52. Bd7 Nf5 53. Bc8 Kf6 54.
Kf4 g5+ 55. Kg4 Ng7 56. h3 Nxe6 57. Ba6 Ke5 58. Kh5 Nf4+ 59. Kg4 Kd4 60. h4 Kc3
61. hxg5 hxg5 62. Bc4 Nd3 63. Kxg5 Nc5 64. Kf4 Nxb3 65. Bb5 Kb4 66. Ke3 Nc5 67.
Kd2 Nxa4 68. Bd7 Nc5 69. Bf5 Kb3 70. Kc1 a4 71. Kb1 b5 72. Ka1 b4 73. Kb1 Kc3
74. Ka1 b3 75. Kb1 a3 76. Ka1 Na6 77. Be6 Nb4 78. Bf5 b2+ 0-1

[Event "9. Miedzynardowy Turniej Klubu Polonia Wroclaw<br/>Turniej OPEN"]
[Site "Wroclaw"]
[Date "2014-07-05"]
[Round "1.20"]
[White "Kulas, Szymon"]
[Black "Gajewski, Zbigniew"]
[Result "1-0"]
[WhiteTitle "I++"]
[BlackTitle "II"]
[WhiteElo "2005"]
[BlackElo "1427"]

1. e4 c5 2. c3 d5 3. exd5 Qxd5 4. d4 cxd4 5. cxd4 Nc6 6. Nf3 Bg4 7. Be2 Nf6 8.
Nc3 Qd7 9. d5 Bxf3 10. gxf3 O-O-O 11. dxc6 Qxc6 12. Qb3 e6 13. Be3 Bc5 14. Qc4
Bxe3 15. Qxc6+ bxc6 16. fxe3 Nd5 17. Nxd5 exd5 18. Rc1 Rd6 19. Kf2 Re8 20. Rc3
Ree6 21. Ba6+ Kc7 22. Rb3 c5 23. Rb7+ Kc8 24. Rb6+ Kc7 25. Rxd6 Rxd6 26. Bd3 g6
27. b3 f5 28. h4 Kb6 29. h5 d4 30. e4 fxe4 31. Bxe4 Kb5 32. hxg6 hxg6 33. Rg1
d3 34. Ke3 d2 35. Rd1 Kb4 36. Rxd2 Rxd2 37. Kxd2 g5 38. Bd5 a5 39. a4 1-0

[Event "9. Miedzynardowy Turniej Klubu Polonia Wroclaw<br/>Turniej OPEN"]
[Site "Wroclaw"]
[Date "2014-07-05"]
[Round "1.21"]
[White "Molenda, Mikolaj"]
[Black "Kolasinski, Krzysztof"]
[Result "0-1"]
[WhiteTitle "II"]
[BlackTitle "I++"]
[WhiteElo "1410"]
[BlackElo "1991"]

1. e4 c5 2. Nf3 Nc6 3. d4 cxd4 4. Nxd4 e5 5. Nb5 d6 6. N1c3 a6 7. Na3 Be7 8. Nd5
Nf6 9. Bd3 Nxd5 10. exd5 Qa5+ 11. Bd2 Qxd5 12. O-O Qe6 13. c4 O-O 14. Nb1 Qg4
15. Nc3 Qxd1 16. Raxd1 Be6 17. Nd5 Bd8 18. Rc1 f5 19. f3 Rc8 20. Kh1 Ne7 21. Bb4
Bxd5 22. Bxd6 Bc6 23. Bxe5 Bc7 24. Rfe1 Ng6 25. Bc3 Rcd8 26. Bc2 Bf4 27. Rcd1
Rxd1 28. Rxd1 h5 29. Re1 Kh7 30. Re6 h4 31. Kg1 Bd7 32. Re1 Rf7 33. c5 Re7 34.
Rxe7 Nxe7 35. b4 Nd5 36. Be1 Be3+ 37. Kf1 Bb5+ 0-1

[Event "9. Miedzynardowy Turniej Klubu Polonia Wroclaw<br/>Turniej OPEN"]
[Site "Wroclaw"]
[Date "2014-07-05"]
[Round "1.22"]
[White "Koszkul, Wojciech"]
[Black "Musiala, Jakub"]
[Result "1-0"]
[WhiteTitle "I+"]
[BlackTitle "II"]
[WhiteElo "1987"]
[BlackElo "1394"]

1. d4 Nf6 2. Nf3 e6 3. c4 b6 4. Nc3 Bb4 5. e3 Bb7 6. Be2 d6 7. O-O Bxc3 8. bxc3
Nbd7 9. Ba3 c5 10. Nd2 O-O 11. Bd3 Qc7 12. f3 Rfe8 13. Bb2 Rac8 14. Qe2 h6 15.
Rab1 Ba6 16. Rfe1 d5 17. cxd5 c4 18. Bc2 exd5 19. e4 dxe4 20. fxe4 Nf8 21. Rf1
Ne6 22. e5 Nd5 23. Ne4 Rcd8 24. Qf2 Rd7 25. Qg3 Kh8 26. Nd6 Rf8 27. Bc1 Bb7 28.
Qh3 Ndf4 29. Bxf4 Nxf4 30. Rxf4 Bc8 31. Qf5 g6 32. Qf6+ Kg8 33. Bxg6 Re7 34. Bf5
Bxf5 35. Nxf5 Rxe5 36. Qg7# 1-0

[Event "9. Miedzynardowy Turniej Klubu Polonia Wroclaw<br/>Turniej OPEN"]
[Site "Wroclaw"]
[Date "2014-07-05"]
[Round "1.23"]
[White "Urban, Damian"]
[Black "Kowalczyk, Mariusz"]
[Result "0-1"]
[WhiteTitle "II"]
[BlackTitle "I"]
[WhiteElo "1381"]
[BlackElo "1987"]

1. e4 e5 2. Nf3 Nc6 3. Bb5 f5 4. d3 fxe4 5. dxe4 Nf6 6. Nc3 Bc5 7. Bxc6 bxc6 8.
Bg5 O-O 9. O-O Qe8 10. h3 d6 11. Qe2 Bb6 12. Rfe1 Qg6 13. Rad1 Nh5 14. Be3 Bxh3
15. Ng5 Bxg2 16. Kxg2 Nf4+ 17. Bxf4 Rxf4 18. Qc4+ Kh8 19. Re2 Qxg5+ 20. Kf1 Raf8
21. Rdd2 Qh4 0-1

[Event "9. Miedzynardowy Turniej Klubu Polonia Wroclaw<br/>Turniej OPEN"]
[Site "Wroclaw"]
[Date "2014-07-05"]
[Round "1.24"]
[White "Starczewska, Dominika"]
[Black "Szotkowski, David"]
[Result "1-0"]
[WhiteTitle "k"]
[BlackTitle "III"]
[WhiteElo "1981"]
[BlackElo "1369"]

1. f4 d5 2. g3 e6 3. Bg2 c5 4. Nf3 Nc6 5. d3 Nf6 6. O-O g6 7. c3 Bg7 8. h3 O-O
9. Qe1 b6 10. Nbd2 Bb7 11. Kh2 Qc7 12. Rg1 d4 13. Nf1 Nd5 14. c4 Ne3 15. Nxe3
dxe3 16. Bxe3 Bxb2 17. Rb1 Bg7 18. Kh1 Nd4 19. Qf2 Rfd8 20. g4 Nxf3 21. Bxf3 Bxf3+
22. Qxf3 Rab8 23. Rg2 Qb7 24. Qf2 Bd4 25. Bxd4 Rxd4 26. f5 Re8 27. f6 Qc7 28.
Rf1 e5 29. Qe3 Qd6 30. Qh6 Qf8 31. Qg5 h6 32. Qc1 Kh7 33. Qa3 Ra8 34. Qc3 Rc8
35. Qa3 Ra8 36. h4 Qc8 37. Rfg1 Qc6 38. Qc1 Rxg4 39. Qe1 Rxg2 40. Rxg2 Rd8 41.
Qg3 Qxf6 42. Rf2 Qg7 43. e4 Rd6 44. Qf3 Kg8 45. Kg1 Qf8 46. Qe3 Kg7 47. Qg3 Qe7
48. Rg2 h5 49. Qe3 Qe6 50. Qf3 Qd7 51. Qxh5 Rxd3 52. Qxe5+ f6 53. Qf4 Qd4+ 54.
Kh2 Qe5 55. Qxe5 fxe5 56. h5 Rd6 57. Rg5 Re6 58. hxg6 Re8 59. Kg3 Re6 60. Kh3
Kh6 61. g7 Kxg5 62. g8=Q+ Rg6 63. Qf7 Rf6 64. Qg7+ Rg6 65. Qxe5+ Kh6 66. Qd5 Rg5
67. e5 Rf5 68. Qd6+ Kg7 69. e6 1-0